نيلسون مانديلا .. قصة حياة أشهر سجين عرفه العالم في تاريخه والمناضل الذي غير وجه الحياة في بلاده للابد / (رقم التسجيلة. 133256)
[ عرض عادي ]
| 000 -LEADER | |
|---|---|
| fixed length control field | 00672nam a22001817a 4500 |
| 005 - DATE AND TIME OF LATEST TRANSACTION | |
| control field | 20251108175412.0 |
| 008 - FIXED-LENGTH DATA ELEMENTS--GENERAL INFORMATION | |
| fixed length control field | 250721s2014 xx 000 0 ara d |
| 082 14 - DEWEY DECIMAL CLASSIFICATION NUMBER | |
| Classification number | 923.1/مني |
| 100 1# - MAIN ENTRY--PERSONAL NAME | |
| Personal name | المنياوي، رمزي |
| 245 10 - TITLE STATEMENT | |
| Title | نيلسون مانديلا .. قصة حياة أشهر سجين عرفه العالم في تاريخه والمناضل الذي غير وجه الحياة في بلاده للابد / |
| 264 1# - PRODUCTION, PUBLICATION, DISTRIBUTION, MANUFACTURE, AND COPYRIGHT NOTICE | |
| Place of production, publication, distribution, manufacture | دمشق : |
| Name of producer, publisher, distributor, manufacturer | دار الكتاب العربي، |
| Date of production, publication, distribution, manufacture, or copyright notice | 2014. |
| 300 ## - PHYSICAL DESCRIPTION | |
| Extent | 167 ص. |
| 650 17 - SUBJECT ADDED ENTRY--TOPICAL TERM | |
| Topical term or geographic name as entry element | التراجم |
| 650 17 - SUBJECT ADDED ENTRY--TOPICAL TERM | |
| Topical term or geographic name as entry element | جنوب إفريقيا |
| 650 17 - SUBJECT ADDED ENTRY--TOPICAL TERM | |
| Topical term or geographic name as entry element | الملوك والحكام |
| 942 ## - ADDED ENTRY ELEMENTS (KOHA) | |
| Source of classification or shelving scheme | Dewey Decimal Classification |
| Koha item type | كتب |
| حالة السحب | حالة الفقدان | مصدر التصنيف | حالة التلف | غير قابل للإعارة | المكتبة الرئيسية | المكتبة الحالية | موقع الرف | تاريخ التزويد | الرقم المتسلسل | Total Checkouts | رقم الإستدعاء | الباركود | تاريخ آخر ظهور | تاريخ الفاتورة | نوع المادة (كوها) |
|---|---|---|---|---|---|---|---|---|---|---|---|---|---|---|---|
| Dewey Decimal Classification | المكتبة المركزية | المكتبة المركزية | الإعارة | 28/07/2025 | 1615231 | 923.1/مني | PLD00356286 | 28/07/2025 | 28/07/2025 | كتب | |||||
| Dewey Decimal Classification | المكتبة المركزية | المكتبة المركزية | الإعارة | 30/08/2016 | 1643459 | 923.1/مني | PLD00394859 | 28/07/2025 | 30/08/2016 | كتب | |||||
| Dewey Decimal Classification | مكتبة أبو علندا العامة | مكتبة أبو علندا العامة | الإعارة | 30/08/2016 | 1643463 | 923.1/مني | PLD00394863 | 28/07/2025 | 30/08/2016 | كتب | |||||
| Dewey Decimal Classification | مكتبة الحسن العامة | مكتبة الحسن العامة | الإعارة | 30/08/2016 | 1643461 | 923.1/مني | PLD00394861 | 28/07/2025 | 30/08/2016 | كتب | |||||
| Dewey Decimal Classification | مكتبة صويلح العامة | مكتبة صويلح العامة | الإعارة | 30/08/2016 | 1643462 | 923.1/مني | PLD00394862 | 28/07/2025 | 30/08/2016 | كتب |